Filosofía política y derecho en el pensamiento español del s. XVI, el canonista Martín de Azpilcueta
Kaydedildi:
| Yazar: | |
|---|---|
| Materyal Türü: | Kitap |
| Dil: | İspanyolca |
| Baskı/Yayın Bilgisi: |
Granada
Academia Granadina del Notariado
1997
|
| Konular: | |
| Etiketler: |
Etiketle
Etiket eklenmemiş, İlk siz ekleyin!
|
MARC
| LEADER | 00000nam a2200000 a 4500 | ||
|---|---|---|---|
| 001 | UCP4889 | ||
| 003 | CL-VaPUC | ||
| 008 | 990821e19970000SP |||||||||||||||||spa|d | ||
| 082 | 0 | 4 | |a 320.1 |b MAR |2 21 |
| 100 | |a Martínez Tapia, Ramón |e autor |9 432864 | ||
| 245 | 1 | 0 | |a Filosofía política y derecho en el pensamiento español del s. XVI, el canonista Martín de Azpilcueta |
| 300 | |a 415 p | ||
| 942 | |c BK | ||
| 945 | |d 19990821 00:00:00 |a vberengu | ||
| 260 | |a Granada |b Academia Granadina del Notariado |c 1997 | ||
| 600 | 0 | 7 | |a AZPILCUETA Y JAUREGUIZAR, MARTIN DE |2 CL-VaPUC |9 432865 |
| 650 | 0 | |a Autoridad |9 257105 | |
| 650 | 0 | |a Derecho internacional |9 255637 | |
| 650 | 0 | |a Filosofía del derecho |9 255050 | |
| 583 | |a last modification |c 19990821 00:00:00 |k Rodrigo Vera | ||
| 999 | |c 282782 |d 282780 | ||
| 952 | |0 0 |1 0 |4 0 |6 320_100000000000000_MAR_1997 |7 0 |8 DER_HDC |9 325178 |a BIBDER |b BIBDER |d 2019-11-20 |i 3536246 |o 320.1 MAR 1997 |p 3536246 |r 2023-01-25 |w 2019-11-20 |x Ubicación 4to Piso |y BK |z Estos recursos deben solicitarse con anticipación |k DER | ||